Nepriatelia scény

Bibliographic Details
Main Author: Gorkij, Maksim, 1868-1936 (Author)
Other Authors: Ferenčík, Ján, 1923-1989 (Translator)
Format: Book
Language:Slovak
Russian
PhysicalDescription:75 s. 29 cm
Published: Bratislava Lita 1977
Subjects:

MARC

LEADER 00000cam a2200000 a 4500
001 vtls001110334
003 SK-MaSNL
005 20260302031039.0
008 180814s1977 xo 0000d slo
015 |a SNBA1978 
035 |a SNK000053177 
040 |a SNK  |b slo  |c SNK  |e AACR2 
041 1 |a slo  |h rus 
044 |a xo  |c SK 
080 |a 882-2  |2 1981 
100 1 |a Gorkij, Maksim,  |d 1868-1936  |4 aut  |9 102443 
240 1 0 |a Vragi  |l Slovensky 
245 1 0 |a Nepriatelia  |b scény  |c Maxim Gorkij ; preložil Ján Ferenčík 
260 |a Bratislava  |b Lita  |c 1977  |e Bratislava  |f LITA 
300 |a 75 s.  |c 29 cm 
500 |a Preložené z ruštiny 
500 |a Nepredajné. Rozmnoženina 
655 7 |a ruské drámy  |2 SNKPH  |9 81966 
700 1 |a Ferenčík, Ján,  |d 1923-1989  |4 trl  |9 99056 
958 |a OND 
958 |a SS 
958 |a LX 
958 |a RM 
958 |a UP 
999 |c 1050480  |d 1052410 
952 |a SNK  |b SNK  |y VYP  |7 0  |p 17A0951407  |o snkSC 42788 D1  |i snkKSP 9/78  |0 0  |1 0  |4 0  |d 2014-09-19  |l 0  |r 2026-02-24 14:55:46  |w 2026-02-24